Films par GIFS #5 - Statistiques

Statistiques générales
  • Ce quiz a été pris 126 fois
  • Le résultat moyen est 11 sur 30
Statistiques - réponses
Hint Réponse % Correct
Get Out
81%
La Momie
68%
Carrie
65%
Conjuring 2 : le cas Enfield
65%
Le Cercle : The Ring
63%
Christine
53%
The Substance
51%
Indiana Jones et le Temple maudit
47%
The Grudge
45%
Indiana Jones et le Royaume du crâne de cristal
42%
La Mouche
42%
Misery
40%
Indiana Jones et les Aventuriers de l'arche perdue
38%
The Mist
38%
Doctor Sleep
36%
Shining
35%
Indiana Jones et la Dernière Croisade
33%
The Faculty
31%
Titane
29%
The Descent
28%
La Colline a des yeux
27%
Haute Tension
21%
Sinister
21%
Anaconda
17%
La Cabane dans les bois
17%
Pyramide
15%
Phantasm
13%
Would You Rather
13%
Suspiria
10%
Phenomena
9%
Aucun quiz correspondant
Distribution des résultats
% des personnes avec chaque résultat
Percentile par nombre de réponses
Votre historique - résultats
Vous n’avez pas pris ce quiz